| 000 | 00718nam a2200205 i 4500 | ||
|---|---|---|---|
| 001 | 19785 | ||
| 003 | ES-MaACL | ||
| 005 | 20230906152151.0 | ||
| 007 | t| | ||
| 008 | 021015s1917 sp ||||1| spa d | ||
| 100 | 1 |
_aÁlvarez Quintero, Serafín, _d1871-1938 _9226443 |
|
| 245 | 1 | 3 |
_aLa historia de Sevilla _b: romance / _cSerafín y Joaquín Alvarez Quintero ; con música de Francisco Bravo. |
| 260 |
_aMadrid : _b[s.n.], _c1917 ( _fImp. Clásica Española) |
||
| 300 |
_a22 p. ; _c18 cm. |
||
| 500 | _aSolo la letra. | ||
| 700 | 1 |
_aÁlvarez Quintero, Joaquín, _d1873-1944 _920922 |
|
| 700 | 1 |
_aBravo, Francisco. _931452 |
|
| 852 |
_aES-MaACL _jF-8656(4) _q. - Encuadernado con otras obras |
||
| 999 |
_c19785 _d19785 |
||